000 00801nam a22002537a 4500
003 dpl
005 20180522141729.0
008 180522b xxu||||| |||| 00| 0 eng d
010 _aB-159902
020 _c975.00
_a8188583774
035 _aB-159902, B-159915
037 _bCen Lib/Ret
040 _aDPL
_bEN
_c0
082 _a954.41
_bBEA
245 _aThe beautiful India :
_cedited by S.A.Rahman
_bMaharashtra /
260 _bReference Press
_aNew Delhi
270 _a4831/24, Ansari Road, Darya Ganj
_e110002
_bNew Delhi
300 _ax,446p.
_c21cm(Hb)
500 _aIncludes bibliographical references
650 _aMaharashtra (India)
_928210
650 _aSystem of gevernance in Maharashtra
_928211
700 _aS.A.Rahman
_928212
942 _2ddc
_cEN
_h954.41
_mBEA
999 _c130077
_d130077